LIBRARY & INFORMATION CENTRE, KCAET, TAVANUR

ONLINE PUBLIC ACCESS CATALOGUE (OPAC)

Prema vijayam / (Record no. 4966)

MARC details
000 -LEADER
fixed length control field 00410cam a2200169ua 4500
041 ## - LANGUAGE CODE
Language code of text/sound track or separate title mal
082 ## - DEWEY DECIMAL CLASSIFICATION NUMBER
Classification number 894.812308
Item number ABD/PR
100 ## - MAIN ENTRY--AUTHOR NAME
Personal name ABDUL KADAR, KHARI .
245 ## - TITLE STATEMENT
Title Prema vijayam /
260 ## - PUBLICATION, DISTRIBUTION, ETC. (IMPRINT)
Place of publication Namakkal :
Name of publisher Amina book stall ,
Year of publication 1956.
300 ## - PHYSICAL DESCRIPTION
Number of Pages 479 ; .
942 ## - ADDED ENTRY ELEMENTS (KOHA)
Koha item type Books
Holdings
Withdrawn status Lost status Damaged status Home library Current library Date acquired Full call number Accession Number Koha item type
Withdrawn     KAUAET Malayalam University 07/04/2012 894.812308 1311 Books
free website counter